The Nissan enigma : flexibility at work in a local economy

Αποθηκεύτηκε σε:
Λεπτομέρειες βιβλιογραφικής εγγραφής
Κύριος συγγραφέας: Garrahan, Philip
Άλλοι συγγραφείς: Stewart, Paul
Μορφή: Βιβλίο
Γλώσσα:English
Δημοσίευση: London : Mansell, c1992
Θέματα:
Ετικέτες: Προσθήκη ετικέτας
Δεν υπάρχουν, Καταχωρήστε ετικέτα πρώτοι!

MARC

LEADER 00000nam a2200000 i 4500
001 1/80271
008 990507s1992 eng d
020 |a 0-7201-2155-8 
035 |l 10050593 
040 |a GR-MY-UA  |b gre  |e aacr 
041 0 |a eng 
082 0 |a 338.760942 
100 1 |a Garrahan, Philip. 
245 1 4 |a The Nissan enigma :  |b flexibility at work in a local economy /  |c Philip Garrahan and Paul Stewart 
260 |a London :   |b Mansell,   |c c1992 
300 |a 148 p. 
504 |a Includes bibliographical references and index 
610 1 0 |a Nissan Motor Manufacturing (UK)  |x Employees. 
610 1 0 |a Nissan Motor Manufacturing (UK)  |x Management. 
650 0 0 |a Automobile industry and trade  |z England  |z Sunderland  |x Management. 
650 0 0 |a Automobile industry workers  |z England  |z Sunderland. 
700 1 |a Stewart, Paul. 
852 |a INST  |b LESVOS  |e 19990507  |h 338.760942 GAR  |p 005100016470  |q 005100016470  |t BK  |y 0 
901 |a BIBL1-1999-2 
909 |a Λ  |b 061645 
922 |a 1ΕΛΗ  |b 199812  |d ΠΑΠΑΣΩΤΗΡΙΟΥ 
950 |a 103-1998-07-27